|
|
|
|
| LEADER |
00000nam0a2200000 4500 |
| 001 |
371730 |
| 005 |
20241106111823.0 |
| 035 |
|
|
|a (RuTPU)RU\TPU\retro\29140
|
| 090 |
|
|
|a 371730
|
| 100 |
|
|
|a 20221109d1872 m||y1gery50 ba
|
| 101 |
0 |
|
|a ger
|
| 102 |
|
|
|a DE
|
| 105 |
|
|
|a a z 000zy
|
| 181 |
|
0 |
|b e
|
| 182 |
|
0 |
|a n
|
| 183 |
|
0 |
|a nc
|2 RDAcarrier
|
| 200 |
1 |
|
|a Construction der Kolben-und Centrifugalpumpen, Ventilatoren und Exhaustoren
|e für technische Lehranstalten sowie für den praktischen Gebrauch
|f C. Fink
|
| 210 |
|
|
|a Berlin
|c Verlag von Rudolph Gaertner
|d 1872
|
| 215 |
|
|
|a 158 S.
|c il.
|
| 283 |
|
|
|a volume
|
| 300 |
|
|
|a В описании используется грамматика 19 века
|
| 316 |
|
|
|5 63413507: 16626
|a На обложке владельческий печатный экслибрис: «Библиотеки Окр. Инж. Упр. С.В.О.»
|
| 317 |
|
|
|5 63413507: 16626
|a Поступил в НТБ в 1920 г. в дар от Окружного Инженерного управления Сибирского Военного Округа в Омске
|
| 541 |
1 |
|
|a Изготовление поршневых и центробежных насосов, вентиляторов и вытяжек
|z rus
|
| 606 |
1 |
|
|a Насосы
|x Проектирование
|2 stltpush
|3 (RuTPU)RU\TPU\subj\44946
|9 64214
|
| 610 |
1 |
|
|a центробежные насосы
|
| 610 |
1 |
|
|a поршневые насосы
|
| 610 |
1 |
|
|a вытяжные устройства
|
| 610 |
1 |
|
|a вентиляторы
|
| 610 |
1 |
|
|a изготовление
|
| 610 |
1 |
|
|a немецкий язык
|
| 610 |
1 |
|
|a владельческие знаки
|
| 610 |
1 |
|
|a Коллекция СибВО
|
| 675 |
|
|
|a 621.65.001
|v 3
|
| 702 |
|
1 |
|a Fink
|b C.
|4 340
|
| 801 |
|
1 |
|a RU
|b 63413507
|c 20221109
|
| 801 |
|
2 |
|a RU
|b 63413507
|c 20230110
|g RCR
|
| 942 |
|
|
|c BK
|